Most-Followed Twitter Users With A Twist! - Statistics

General Stats
  • This quiz has been taken 6 times
  • The average score is 4 of 18
Answer Stats
Hint Answer % Correct
129.7 m Barack Obama
100%
78.3 m Ellen DeGeneres
67%
51.4 m Jimmy Fallon
67%
49.6 m LeBron James
67%
92.1 m Cristiano Ronaldo
33%
43.3 m Oprah Winfrey
33%
41.5 m Akshay Kumar
0%
45.7 m Amitabh Bachchan
0%
54.9 m Bill Gates
0%
56.6 m Elon Musk
0%
36.6 m Kevin Hart
0%
69.6 m Kim Kardashian
0%
38.5 m Kylie Jenner
0%
68.8 m Narendra Modi
0%
53.6 m Neymar
0%
42.5 m Salman Khan
0%
41.8 m Shah Rukh Khan
0%
42.2 m Virat Kohli
0%
No matching quizzes found
Score Distribution
Percent of People with Each Score
Percentile by Number Answered
Your Score History
You have not taken this quiz